000
00241nam a2200097Ia 4500
001
683355
005
20250826161436.0
008
250824s9999 xx 000 0 und d
245
0
_a
1071 MALAZGİRT
_c
MUHARREM KESİK
260
_b
TİMAŞ YAYINLARI
999
_c
683355
_d
683355